书目信息 |
| 题名: |
听韩剧·学韩语(含MP3)
|
|
| 作者: | 徐玉兰 , 潘燕梅 主编 | |
| 分册: | ||
| 出版信息: | 大连理工大学出版社 2007.08 |
|
| 页数: | 222页 | |
| 开本: | 20cm | |
| 丛书名: | ||
| 单 册: | ||
| 中图分类: | H55 | |
| 科图分类: | ||
| 主题词: | 朝鲜语 | |
| 电子资源: | ||
| ISBN: | 978-7-5611-3402-3 | |
| 000 | 00497nam0 2200181 45 | |
| 005 | 20080918103325.40 | |
| 010 | @a978-7-5611-3402-3@dCNY17.00 | |
| 092 | @bLR | |
| 200 | 1 | @a听韩剧·学韩语(含MP3)@f徐玉兰,潘燕梅主编@Fxu yu lan,pan yan mei zhu bian |
| 210 | @c大连理工大学出版社@d2007.08 | |
| 215 | @a222页@d20cm | |
| 606 | 0 | @a朝鲜语 |
| 690 | @aH55@v4 | |
| 701 | 0 | @a徐玉兰@Axu yu lan@4主编 |
| 701 | 0 | @a潘燕梅@Apan yan mei@4主编 |
| 801 | 0 | @c20080918 |
| 905 | @dH55@eX830@f3 | |
| 906 | @cLR@dCNY17.00@n0@r1 | |
| 听韩剧·学韩语(含MP3)/徐玉兰,潘燕梅主编.-大连理工大学出版社,2007.08 |
| 222页;20cm |
| ISBN 978-7-5611-3402-3:CNY17.00 |
| ● |
| 相关链接 |
|
|
|
正题名:听韩剧·学韩语(含MP3)
索取号:H55/X830
 
预约/预借
| 序号 | 登录号 | 条形码 | 馆藏地/架位号 | 状态 | 备注 |
| 1 | 677972 | 206779725 | 语言库209/209语言库 136排1列5层/ [索取号:H55/X830] | 在馆 | |
| 2 | 677973 | 206779734 | 语言库209/209语言库 136排1列5层/ [索取号:H55/X830] | 在馆 | |
| 3 | 677974 | 206779743 | 语言库209/209语言库 136排1列5层/ [索取号:H55/X830] | 在馆 |